<?xml version="1.0" encoding="utf-8"?>
<?xml-stylesheet type='text/xsl' href='./oai2.xsl'?>
<OAI-PMH xmlns="http://www.openarchives.org/OAI/2.0/" xmlns:xsi="http://www.w3.org/2001/XMLSchema-instance" xsi:schemaLocation="http://www.openarchives.org/OAI/2.0/ http://www.openarchives.org/OAI/2.0/OAI-PMH.xsd">
  <responseDate>2026-06-05T00:34:58Z</responseDate>
  <request verb="GetRecord" metadataPrefix="marcxml" identifier="record_kuniweb_592973">https://kulturerbe.niedersachsen.de/oai</request>
  <GetRecord>
    <record>
      <header>
        <identifier>record_kuniweb_592973</identifier>
        <datestamp>2025-08-28T09:38:22Z</datestamp>
        <setSpec>slg0138</setSpec>
      </header>
      <metadata>
        <marc:record xmlns:marc="http://www.loc.gov/MARC21/slim" xsi:schemaLocation="http://www.loc.gov/MARC21/slim http://www.loc.gov/standards/marcxml/schema/MARC21slim.xsd">
          <marc:leader>12345nkm  22     uu 4500</marc:leader>
          <marc:controlfield tag="001">592973</marc:controlfield>
          <marc:controlfield tag="003">http://kuniweb.gbv.de</marc:controlfield>
          <marc:controlfield tag="005">2017-08-27T12:37:02</marc:controlfield>
          <marc:controlfield tag="008">|           ||||||||||||||||||||||</marc:controlfield>
          <marc:datafield tag="245" ind1="1" ind2="0">
            <marc:subfield code="a">Transmission für die Roggenmühle der Königshütte in Bad Lauterberg, 1907</marc:subfield>
          </marc:datafield>
          <marc:datafield tag="655" ind1=" " ind2="7">
            <marc:subfield code="a">Grafik</marc:subfield>
          </marc:datafield>
          <marc:datafield tag="046" ind1=" " ind2=" ">
            <marc:subfield code="k">1907-01-30</marc:subfield>
            <marc:subfield code="k">30.01.1907</marc:subfield>
          </marc:datafield>
          <marc:datafield tag="260" ind1=" " ind2=" ">
            <marc:subfield code="g">1907-01-30</marc:subfield>
            <marc:subfield code="g">30.01.1907</marc:subfield>
          </marc:datafield>
          <marc:datafield tag="520" ind1=" " ind2=" ">
            <marc:subfield code="a">Zeichnung – koloriert
Herstellungsort - Königshütte, Bad Lauterberg

Auftraggeber und Standort:
Königshütte,  Bad Lauterberg - Roggenmühle

Information:
Zur Inventarnummer sind vier Zeichnungen vorhanden.

Anmerkung zur Mühle:
Die Alte Industriemühle in Bad Lauterberg im Harz steht auf dem Gelände der Gießerei Königshütte. Sie wurde 1872 erbaut und bis 1960 betrieben. Das Hauptgebäude ist ein massiver Steinbau, der innen nochmals in zwei Bereiche aufgeteilt ist. Rechts nehben der Mühle stand der Speicher der Mühle, er wurde 2007 abgerissen. 
Bei der 1733 gegründeten Königshütte  war am heutigen Standort der Getreidemühle zunächst ein Hammerwerk in Betrieb, das auch zur Gründungszeit bereits mit einer Wasserkraftanlage (Wasserräder) betrieben wurde.

Im Zuge der Privatisierung der fiskalischen Königshütte im Jahr 1871 wurde die Gießerei von zwei Wolfenbütteler Unternehmern weitergeführt, von denen der eine, der Mühlenbauer A.C. Peters, zusammen mit Gottlieb Lutter in Wolfenbüttel zuvor die "Erste Deutsche Mühlenbauanstalt" betrieben hatte. Dieser brachte somit sein Wissen für die technische Ausgestaltung der Mühle ein.
In Folge der weiteren Hüttenentwicklung wurde die Hammerhütte 1871 somit abgebrochen und an dieser Stelle im Jahr 1872 die für damalige Verhältnisse moderne Handels- und Industriemühle errichtet. Die Mühle besaß drei oberschlächtige Wasserräder, die vier Mahlgänge sowie sechs Graupengänge antrieben. Neben dem massiven Mühlengebäude wurde ein dreistöckiger Bodenspeicher errichtet. 

Der Umbau der Hauptmühle zur Weizen- und Roggenmühle im Jahr 1920 war dann der Stand, wie er sich heute wiederfindet. Lediglich die Sichtanlagen wurden nach 1935 durch 2 Plansichter und eine Grießputzmaschine ersetzt. Die Leistungskapazität der Mühle lag bei 15 Tonnen Weizen und 12 Tonnen Roggen am Tag. Damit zählte sie zu den größeren Mühlen.
 
1960 wurde die Mühle im Zuge der mit öffentlichen Mitteln geförderten Mühlenstilllegung geschlossen. Man baute die Motoren und die Riemen ab. Weil im Gegensatz zu anderen größeren Industriemühlen keine Nachnutzung gefunden wurde, blieb sie mit Ihren Müllereimaschinen in der heutigen Form bestehen. 
siehe:
H.H. Hillegeist - Die Königshütte in Bad Lauterberg/Harz und das Südharzer Eisenhüttenmuseum - Veröffentlichung des Förderkreises Königshütte, Heft 8, 2006













 (Förderkreis Königshütte Bad Lauterberg e.V.)

Maßstab: 1 zu 30</marc:subfield>
          </marc:datafield>
          <marc:datafield tag="650" ind1="1" ind2=" ">
            <marc:subfield code="a">Antriebssteuerung</marc:subfield>
          </marc:datafield>
          <marc:datafield tag="650" ind1="1" ind2=" ">
            <marc:subfield code="a">Transmission</marc:subfield>
          </marc:datafield>
          <marc:datafield tag="650" ind1="1" ind2=" ">
            <marc:subfield code="a">Grafik, Fotografie &gt; Zeichnung</marc:subfield>
          </marc:datafield>
          <marc:datafield tag="650" ind1="1" ind2=" ">
            <marc:subfield code="a">Industrie</marc:subfield>
          </marc:datafield>
          <marc:datafield tag="650" ind1="1" ind2=" ">
            <marc:subfield code="a">Bad Lauterberg im Harz (Osterode am Harz, Niedersachsen)</marc:subfield>
          </marc:datafield>
          <marc:datafield tag="773" ind1="0" ind2=" ">
            <marc:subfield code="t">Antriebe und Transportanlagen</marc:subfield>
          </marc:datafield>
          <marc:datafield tag="852" ind1=" " ind2=" ">
            <marc:subfield code="a">Industriedenkmal Königshütte Bad Lauterberg im Harz</marc:subfield>
          </marc:datafield>
          <marc:datafield tag="" ind1=" " ind2=" ">
            <marc:subfield code="a">Namensnennung - Nicht kommerziell - Keine Bearbeitungen 4.0 International (CC BY-NC-ND 4.0)</marc:subfield>
          </marc:datafield>
        </marc:record>
      </metadata>
    </record>
  </GetRecord>
</OAI-PMH>
